Une chanson et des jeux olympiques ! - Statistiques

Statistiques générales
  • Ce quiz a été pris 5 fois
  • Le résultat moyen est 17 sur 86
Statistiques - réponses
Hint Réponse % Correct
Je reviendrai à (...) par Robert Charlebois Montréal
100%
(...) par Jacques Brel Amsterdam
80%
Wind of change par le groupe Scorpions Berlin
60%
Nathalie par Gilbert Bécaud Moscou
60%
J'ai deux amours par Joséphine Baker Paris
60%
Week-end à (...) par Etienne Daho Rome
60%
Torino par Hamza * Turin
60%
J'ai deux amours par Joséphine Baker 1900 | 1924 | 2024
40%
(...) par Jacques Brel 1928
40%
Wind of change par le groupe Scorpions 1936
40%
Week-end à (...) par Etienne Daho 1960
40%
(...) par Shingo Nakamura * 1972
40%
Je reviendrai à (...) par Robert Charlebois 1976
40%
Nathalie par Gilbert Bécaud 1980
40%
Etoile des neiges par Line Renaud * 1992
40%
Ici à (...) par Pierre Fulla * 1998
40%
Torino par Hamza * 2006
40%
Etoile des neiges par Line Renaud * Albertville
40%
Les enfants du Pirée par Mélina Mercouri Athènes
40%
Fleur du Tyrol par Annie Cordy * Innsbruck
40%
Baker Street par Gerry Rafferty Londres
40%
(...) Aussie par Charlélie Couture Melbourne
40%
(...) par Luis Mariano Mexico
40%
Ici à (...) par Pierre Fulla * Nagano
40%
Nuits de Chine par Louis Lynel Pékin
40%
Si tu vas à (...) de Dario Moreno Rio de Janeiro
40%
(...) par Shingo Nakamura * Sapporo
40%
Gangnam Style par Psy Séoul
40%
Les bateliers de la Volga chant traditionnel * Sotchi
40%
(...) par Véronique Sanson * Vancouver
40%
Les enfants du Pirée par Mélina Mercouri 1896 | 2004
20%
Baker Street par Gerry Rafferty 1908 | 1948 | 2012
20%
(...) par Adrien Gallo * 1952
20%
(...) Aussie par Charlélie Couture 1956
20%
Fleur du Tyrol par Annie Cordy * 1964 | 1976
20%
(...) par Luis Mariano 1968
20%
La nuit je mens d'Alain Bashung * 1968
20%
Gangnam Style par Psy 1988
20%
Down in (...) par Pharell Williams 1996
20%
Nuits de Chine par Louis Lynel 2008 | 2022
20%
(...) par Véronique Sanson * 2010
20%
Les bateliers de la Volga chant traditionnel * 2014
20%
Si tu vas à (...) de Dario Moreno 2016
20%
Down in (...) par Pharell Williams Atlanta
20%
La nuit je mens d'Alain Bashung * Grenoble
20%
L'île (...) par Léo Ferré 1904
0%
(...) par Jean-Louis Aubert 1912
0%
Avoir à (...), un endroit par Maurane 1920
0%
J'ai perdu le (...) dans la neige par Claude Nougaro 1924
0%
Stalactite par les Aiglons * 1928 | 1948
0%
La fille de (...) (...) par Marie Charrel * 1932 | 1980
0%
(...) par Benjamin Biolay 1932 | 1984
0%
Chez nous en (...) par Carlos * 1936
0%
Sirtaki à (...) par René Aubry 1952
0%
Montagnes d'(...) par André Dassary * 1956
0%
La Californie par Julien Clerc * 1960
0%
Une chaise à (...) par Benjamin Biolay 1964 | 2020
0%
Remembering (...) par John Williams 1972
0%
Miss (...) par U2 * 1984
0%
(...) par Tate McRae * 1988
0%
La rumba de (...) par Manu Chao 1992
0%
Fire in your heart par Sissel Kyrkjebo * 1994
0%
Rain des Beatles 2000
0%
(...) (...) City par The Beach boys * 2002
0%
Arirang chant traditionnel * 2018
0%
Avoir à (...), un endroit par Maurane Anvers
0%
La rumba de (...) par Manu Chao Barcelone
0%
(...) par Tate McRae * Calgary
0%
J'ai perdu le (...) dans la neige par Claude Nougaro Chamonix
0%
Montagnes d'(...) par André Dassary * Cortina d'Ampezzo
0%
Chez nous en (...) par Carlos * Garmisch-Partenkirchen
0%
Sirtaki à (...) par René Aubry Helsinki
0%
La fille de (...) (...) par Marie Charrel * Lake Placid
0%
Fire in your heart par Sissel Kyrkjebo * Lillehammer
0%
(...) par Benjamin Biolay Los Angeles
0%
Remembering (...) par John Williams Munich
0%
(...) par Adrien Gallo * Oslo
0%
Arirang chant traditionnel * PyeongChang
0%
L'île (...) par Léo Ferré Saint-Louis
0%
Stalactite par les Aiglons * Saint-Moritz
0%
(...) (...) City par The Beach boys * Salt Lake
0%
Miss (...) par U2 * Sarajevo
0%
La Californie par Julien Clerc * Squaw Valley
0%
(...) par Jean-Louis Aubert Stockholm
0%
Rain des Beatles Sydney
0%
Une chaise à (...) par Benjamin Biolay Tokyo
0%
Aucun quiz correspondant
Distribution des résultats
% des personnes avec chaque résultat
Percentile par nombre de réponses
Votre historique - résultats
Vous n’avez pas pris ce quiz